[Event "21st Open"]
[Site "Reykjavik ISL"]
[Date "2004.03.11"]
[Round "5"]
[White "Markus,R"]
[Black "Kononenko,T"]
[Result "1/2-1/2"]
[WhiteElo "2527"]
[BlackElo "2353"]
[EventDate "2004.03.07"]

1. d4 d5 2. c4 c6 3. Nf3 Nf6 4. Qc2 g6 5. Bf4 Bg7 6. e3 O-O 7. Nc3 Bf5 8.
Qb3 Qb6 9. c5 Qxb3 10. axb3 Nbd7 11. b4 a6 12. h3 Ne4 13. Be2 f6 14. g4
Nxc3 15. bxc3 Be4 16. O-O e5 17. Bg3 Bxf3 18. Bxf3 f5 19. gxf5 gxf5 20.
Rac1 f4 21. Bh4 e4 22. Bg4 Bf6 23. Bxf6 Nxf6 24. Bd1 f3 25. Kh2 Kf7 26. Bb3
b5 27. cxb6 Rfb8 28. Ra1 Rxb6 29. Rg1 Rg8 30. Rxg8 Nxg8 31. Kg3 Nf6 32. Kf4
Ke6 33. Rg1 a5 34. Rg5 axb4 35. c4 Ra6 36. Re5+ Kd6 37. Rf5 Nd7 38. cxd5 c5
39. Kxe4 Ra3 40. Bc4 b3 41. Bxb3 Rxb3 42. dxc5+ Nxc5+ 43. Kxf3 Rd3 44. Rh5
Rxd5 45. Rxh7 1/2-1/2

[Event "21st Open"]
[Site "Reykjavik ISL"]
[Date "2004.03.11"]
[Round "5"]
[White "Bjornsson,T"]
[Black "Bromann,T"]
[Result "1/2-1/2"]
[WhiteElo "2256"]
[BlackElo "2371"]
[EventDate "2004.03.07"]

1. e4 e6 2. d4 d5 3. exd5 exd5 4. Bd3 Nc6 5. c3 Bd6 6. Qf3 Nf6 7. Bg5 Bg4
8. Qxg4 Nxg4 9. Bxd8 Nxd8 10. Nf3 O-O 11. O-O Re8 12. Nbd2 g6 13. g3 Ne6
14. Rfe1 Bf8 15. Re2 c5 16. h3 Nf6 17. Bb5 Red8 18. dxc5 Nxc5 19. Nb3 Nfe4
20. Nxc5 Bxc5 21. Kg2 Rd6 22. Bd3 f5 23. Nd4 Rb6 24. f3 Nf6 25. Nb3 Bd6 26.
g4 fxg4 27. fxg4 a5 28. Nd4 Nd7 29. a4 Nc5 30. Bb5 Bf8 31. Rd1 Rd8 32. Nf3
Ne6 33. Re5 Bg7 34. Re3 Bh6 35. Ree1 Bf8 36. h4 Nc7 37. c4 Nxb5 38. axb5
Bb4 39. Re5 Rc8 40. Rdxd5 Rxc4 41. Rd8+ Bf8 42. g5 Rd6 43. Rxd6 Bxd6 44.
Rd5 Rc2+ 1/2-1/2

[Event "21st Open"]
[Site "Reykjavik ISL"]
[Date "2004.03.11"]
[Round "5"]
[White "Aronian,L"]
[Black "Luther,T"]
[Result "1-0"]
[WhiteElo "2648"]
[BlackElo "2572"]
[EventDate "2004.03.07"]

1. d4 Nf6 2. c4 e6 3. Nf3 d5 4. Nc3 Bb4 5. Bg5 Nbd7 6. cxd5 exd5 7. Qc2 c5
8. dxc5 Nxc5 9. a3 Bxc3+ 10. Qxc3 Nce4 11. Bxf6 Qxf6 12. Qxf6 Nxf6 13. e3
Bd7 14. Nd4 Rc8 15. Bd3 Ke7 16. f3 h5 17. h4 g6 18. Ne2 Ba4 19. Kd2 Rhd8
20. Nd4 Bd7 21. Ne2 Be6 22. Rhc1 Ne4+ 23. Ke1 Nd6 24. Rxc8 Rxc8 25. Kd2 Bf5
26. Nf4 Bxd3 27. Nxd5+ Ke6 28. Nf4+ Kf5 29. Kxd3 Nc4 30. b4 Nxe3 31. Kxe3
Re8+ 32. Kf2 Kxf4 33. Rc1 Rd8 34. Rc4+ Ke5 35. Rc7 Rd2+ 36. Kg3 Ra2 37.
Rxf7 Rxa3 38. Rxb7 Ra2 39. Rb5+ Kf6 40. Ra5 Rb2 41. b5 Ke6 42. Kf4 Rxg2 43.
Rxa7 Rb2 44. Ra6+ Kf7 45. b6 Kf6 46. Ke4 Ke6 47. Kd4 Kd7 48. Ke5 Rh2 49. b7
Kc7 50. Rb6 Kb8 51. Rb4 Rh3 52. Kf6 Rg3 53. Rb5 Rg1 54. Rg5 Rh1 55. Kxg6
Kxb7 56. Kxh5 Kc7 57. Rd5 1-0

[Event "21st Open"]
[Site "Reykjavik ISL"]
[Date "2004.03.11"]
[Round "5"]
[White "Arngrimsson,D"]
[Black "Vidarsson,J"]
[Result "1/2-1/2"]
[WhiteElo "2239"]
[BlackElo "2333"]
[EventDate "2004.03.07"]

1. e4 b6 2. d4 Bb7 3. Nc3 e6 4. Bd3 d6 5. Nf3 Nd7 6. Ne2 g6 7. O-O Bg7 8.
c3 Ne7 9. Be3 O-O 10. Qd2 Nf6 11. Ng3 Ng4 12. Bg5 f6 13. h3 fxg5 14. hxg4
h6 15. Ne1 c5 16. Nc2 cxd4 17. Nxd4 Qd7 18. Rad1 e5 19. Bc4+ d5 20. Nc2 Qc8
21. Bb3 Kh7 22. exd5 Qxg4 23. Ne3 Qd7 24. Bc2 Kh8 25. c4 Rf4 26. Rfe1 Raf8
27. Re2 Nf5 28. Nexf5 gxf5 29. b3 e4 30. Nh5 Be5 31. Nxf4 gxf4 32. Bxe4
fxe4 33. Rxe4 Qg7 34. f3 Bc8 35. Qe2 Bd6 36. Re8 Bd7 37. Rxf8+ Qxf8 38. b4
Qf6 39. a3 Kg8 40. Qc2 Bf5 41. Qa4 Qe7 42. Qc6 Kf7 43. Kh2 h5 44. Rc1 Be5
45. Rd1 Bd6 46. Rc1 Be5 47. Rd1 Bd6 48. Rc1 Bd7 49. Qb7 Ba4 50. Qxe7+ Kxe7
51. Kh3 Be5 52. Re1 Kd6 53. Kh4 Bc2 54. c5+ bxc5 55. bxc5+ Kxd5 56. c6 Bc7
1/2-1/2

[Event "21st Open"]
[Site "Reykjavik ISL"]
[Date "2004.03.11"]
[Round "5"]
[White "Pokorna,Reg"]
[Black "Olafsson,H1"]
[Result "1/2-1/2"]
[WhiteElo "2390"]
[BlackElo "2504"]
[EventDate "2004.03.07"]

1. e4 e5 2. Nf3 Nf6 3. Nxe5 d6 4. Nf3 Nxe4 5. Bd3 d5 6. Qe2 Qe7 7. O-O Nc5
8. Re1 Qxe2 9. Bxe2 Ne6 10. d4 Bd6 11. c4 dxc4 12. d5 Nc5 13. Bxc4+ Kf8 14.
Nc3 Nbd7 15. b4 Na6 16. a3 Nb6 17. Bb5 Bd7 18. Bxd7 Nxd7 19. Nb5 Nf6 20.
Nxd6 cxd6 21. Bf4 Ne8 22. Rac1 Rd8 23. Nd4 Nac7 24. Nf5 Nxd5 25. Bxd6+ Kg8
26. Rcd1 g6 27. Ne7+ Nxe7 28. Bxe7 Ra8 29. Bc5 b6 30. Bd4 f6 31. Rxe8+ Rxe8
32. Bxf6 a5 33. g3 Rf8 34. Be5 g5 35. bxa5 bxa5 36. Rd5 h6 37. Bxh8 Kxh8
38. Rxa5 Kg7 39. h3 Rf3 40. Kg2 Rb3 41. Ra7+ Kg6 42. Ra6+ Kg7 43. h4 Rc3
44. a4 gxh4 45. gxh4 h5 46. Ra5 Rc4 47. Rxh5 Rxa4 48. Kg3 Ra1 49. Kg4 Rb1
50. Ra5 Rg1+ 51. Kf5 Rh1 52. Ra7+ Kh6 53. Ra6+ Kg7 54. Ra4 Rh2 55. Rg4+ Kh6
56. f4 Ra2 57. Rg6+ Kh7 58. Re6 Rh2 59. Kg5 Rg2+ 60. Kh5 Kg7 61. Re5 Kf6
62. Rg5 Rf2 63. Rg6+ Kf7 64. Rg4 Kf6 65. Kh6 Rh2 66. h5 Rh1 67. Rg6+ Kf7
68. Rg7+ Kf6 69. Rg6+ Kf7 70. Ra6 Rg1 71. Ra7+ Kf6 72. Kh7 Rg2 73. h6 Rg1
74. Kh8 Rb1 75. Rg7 Rh1 76. h7 Ra1 77. f5 Ra2 78. Rg8 Kf7 79. Rg7+ Kf6
1/2-1/2

[Event "21st Open"]
[Site "Reykjavik ISL"]
[Date "2004.03.11"]
[Round "5"]
[White "Bjornsson,S"]
[Black "Halldorsson,J"]
[Result "1/2-1/2"]
[WhiteElo "2337"]
[BlackElo "2200"]
[EventDate "2004.03.07"]

1. d4 d5 2. c4 c6 3. Nc3 Nf6 4. Nf3 dxc4 5. a4 Bf5 6. Ne5 e6 7. Nxc4 Bb4 8.
e3 Nbd7 9. Be2 O-O 10. O-O a5 11. f3 h6 12. e4 Bh7 13. Bf4 Nb6 14. Kh1 Nxc4
15. Bxc4 Re8 16. e5 Nd5 17. Bxd5 cxd5 18. Nb5 Rc8 19. Nd6 Bxd6 20. exd6 Bc2
21. Qd2 Qd7 22. Qxa5 Ra8 23. Qc7 Bxa4 24. Rfc1 Bc6 25. Rxa8 Rxa8 26. Kg1
Qxc7 27. dxc7 Kf8 28. b4 Rc8 29. Rc5 Bd7 30. Ra5 Ke7 31. b5 b6 32. Ra6 Bxb5
33. Rxb6 Ba4 34. Kf2 f6 35. Ke3 Kd7 36. Bg3 h5 37. h4 Ke7 38. Bd6+ Kd7 39.
Rb8 Bb5 40. Bh2 Ba6 41. g4 hxg4 42. fxg4 Re8 43. g5 Bc8 44. Rb5 e5 45.
Rxd5+ Kxc7 46. dxe5 fxe5 47. Bxe5+ Kc6 48. Kd4 Rh8 49. Rd6+ Kb7 50. Bxg7
Rxh4+ 51. Ke5 Kc7 52. Rd2 Rg4 53. Bf6 Bd7 54. Rc2+ Kb7 55. Kd6 Bf5 56. Rb2+
Kc8 57. Be5 Rg1 58. Ke7 Rb1 59. Rg2 Rb6 60. Bd6 Bg6 61. Rg3 Kb7 62. Rf3 Bb1
63. Rg3 Bg6 64. Rg2 Be4 65. Re2 Bb1 66. Rg2 Bg6 67. Be5 Kc6 68. Rd2 Kb5 69.
Bc7 Rc6 70. Bd6 Rc2 71. Rd4 Rg2 72. Kf6 Bc2 73. Bf4 Kc5 74. Rd8 Kc6 75.
Rc8+ Kd5 76. Rd8+ Kc6 77. Rh8 Kd5 78. Rd8+ 1/2-1/2

[Event "21st Open"]
[Site "Reykjavik ISL"]
[Date "2004.03.12"]
[Round "6"]
[White "Handke,F"]
[Black "Thorsteinsson,T"]
[Result "1-0"]
[WhiteElo "2459"]
[BlackElo "2278"]
[EventDate "2004.03.07"]

1. d4 Nf6 2. c4 e6 3. Nf3 d5 4. Nc3 Nbd7 5. cxd5 exd5 6. Bg5 Be7 7. e3 c6
8. Qc2 O-O 9. Bd3 Re8 10. O-O Nf8 11. h3 Be6 12. Ne5 N6d7 13. Bxe7 Qxe7 14.
f4 f6 15. Nf3 Bxh3 16. gxh3 Qxe3+ 17. Kh1 Qxf4 18. Bf5 Nb6 19. Rad1 Qh6 20.
b3 Re3 21. Rd2 Rae8 22. Nd1 R3e7 23. Rg2 Nc8 24. Bxc8 Rxc8 25. Qf5 Rce8 26.
Nf2 Ng6 27. Rfg1 Qf4 28. Qh5 Re3 29. Rg3 R8e7 30. Ng4 R3e4 31. Ngh2 Re2 32.
Rg4 Qe3 33. Qf5 Qe6 34. Qb1 Qe3 35. h4 Re4 36. R4g3 Re7 37. h5 Nf4 38. Qf5
Ne6 39. Ng4 Qf4 40. Nxf6+ Kf8 41. Nxh7+ Ke8 42. Qxf4 Nxf4 43. Rxg7 Nxh5 44.
Rg8+ Kd7 45. Rh8 Kc7 46. Nhg5 Nf4 47. Rh2 Kb6 48. Rc1 Re8 49. Rf1 Nd3 50.
Ng1 Re1 51. Rf7 Rg8 52. N5f3 Rf1 53. Rhh7 Nf2+ 54. Kh2 Ng4+ 55. Kh3 Nf2+
56. Kh2 Ng4+ 57. Kh3 Nf2+ 58. Kh4 Rgxg1 59. Rxb7+ Ka5 60. Nxg1 Rxg1 61.
Rhf7 Rh1+ 62. Kg3 Ne4+ 63. Kg2 Rc1 64. Rxa7+ Kb4 65. Rfc7 Rc2+ 66. Kf3 Ng5+
67. Kg4 Rg2+ 68. Kf5 Kc3 69. Rxc6+ Kd3 70. Rg6 1-0

[Event "21st Open"]
[Site "Reykjavik ISL"]
[Date "2004.03.12"]
[Round "6"]
[White "Timman,J"]
[Black "Aronian,L"]
[Result "1/2-1/2"]
[WhiteElo "2578"]
[BlackElo "2648"]
[EventDate "2004.03.07"]

1. e4 e5 2. Nf3 Nc6 3. Bb5 Nf6 4. O-O Nxe4 5. d4 Nd6 6. Bxc6 dxc6 7. dxe5
Nf5 8. Qxd8+ Kxd8 9. Nc3 Ne7 10. Re1 h6 11. Bd2 1/2-1/2

[Event "21st Open"]
[Site "Reykjavik ISL"]
[Date "2004.03.12"]
[Round "6"]
[White "Sutovsky,E"]
[Black "Stefansson,H"]
[Result "1-0"]
[WhiteElo "2666"]
[BlackElo "2572"]
[EventDate "2004.03.07"]

1. e4 e5 2. Nf3 Nc6 3. d4 exd4 4. Nxd4 Nf6 5. Nxc6 bxc6 6. e5 Qe7 7. Qe2
Nd5 8. c4 Nb6 9. Nc3 Qe6 10. Qe4 Ba6 11. b3 Bb4 12. Bd2 Bxc3 13. Bxc3 d5
14. Qh4 dxc4 15. Be2 Nd5 16. Bxc4 g5 17. Bxd5 cxd5 18. Qxg5 c5 19. O-O-O
Bb7 20. f4 h6 21. Qh5 O-O-O 22. f5 Qe7 23. e6 d4 24. Ba5 c4 25. Bxd8 Qa3+
26. Kb1 Be4+ 27. Ka1 c3 28. Qe2 d3 29. Rxd3 Bxd3 30. Be7 Qxe7 31. Qxd3 Qf6
32. Kb1 fxe6 33. fxe6 Rd8 34. Qe4 Qf2 35. Qc6+ Kb8 36. Qxc3 Qf5+ 37. Kb2
Qxe6 38. Rc1 Qd6 39. g3 a6 40. Rc2 1-0

[Event "21st Open"]
[Site "Reykjavik ISL"]
[Date "2004.03.12"]
[Round "6"]
[White "Epishin,V"]
[Black "Nataf,IA"]
[Result "1-0"]
[WhiteElo "2633"]
[BlackElo "2569"]
[EventDate "2004.03.07"]

1. d4 Nf6 2. c4 g6 3. Nc3 Bg7 4. e4 d6 5. Nf3 O-O 6. Be2 e5 7. O-O Nc6 8.
d5 Ne7 9. b4 Nh5 10. Qc2 f5 11. c5 fxe4 12. Nxe4 Nf4 13. Bxf4 Rxf4 14. g3
Rf8 15. Rfd1 Bf5 16. a4 a5 17. Rab1 Kh8 18. cxd6 cxd6 19. Nfg5 Rc8 20. Qa2
h6 21. Ne6 Bxe6 22. dxe6 d5 23. bxa5 Qc7 24. Rxd5 Qc6 25. Rbd1 Qxe6 26.
R5d2 Qxa2 27. Rxa2 Nc6 28. a6 bxa6 29. Bxa6 Rb8 30. Rd6 Nd4 31. Kg2 Rb4 32.
Bd3 g5 33. a5 Nf3 34. Nc5 g4 35. a6 e4 36. Bxe4 Rc4 37. a7 Ne1+ 38. Kf1 Rc1
39. Nb3 1-0

[Event "21st Open"]
[Site "Reykjavik ISL"]
[Date "2004.03.12"]
[Round "6"]
[White "Rogers,I"]
[Black "Thorhallsson,T"]
[Result "1/2-1/2"]
[WhiteElo "2582"]
[BlackElo "2459"]
[EventDate "2004.03.07"]

1. e4 e6 2. d4 d5 3. Nc3 Nf6 4. Bg5 Be7 5. e5 Nfd7 6. Bxe7 Qxe7 7. f4 a6 8.
Nf3 c5 9. Qd2 Nc6 10. dxc5 Qxc5 11. Bd3 b5 12. a3 Bb7 13. Qf2 Qxf2+ 14.
Kxf2 O-O 15. Rhe1 Rac8 16. Ne2 f6 17. exf6 Rxf6 18. Kg1 e5 19. fxe5 Ndxe5
20. Nxe5 Nxe5 21. Nd4 Nxd3 22. cxd3 Rf4 23. Ne2 Rf6 24. Rac1 b4 25. Rxc8+
Bxc8 26. axb4 Rb6 27. Nc3 Bb7 28. b5 d4 29. Na4 Rxb5 30. Re7 Bd5 31. Rd7
Kf8 32. h4 Ke8 33. Rc7 Bf7 34. Nc5 Rxb2 35. Nxa6 g6 36. g4 h5 37. gxh5 gxh5
38. Nc5 Rc2 39. Rc8+ Ke7 40. Rc7+ Ke8 41. Rc8+ 1/2-1/2

[Event "21st Open"]
[Site "Reykjavik ISL"]
[Date "2004.03.12"]
[Round "6"]
[White "Pavlovic,Mi"]
[Black "Maze,S"]
[Result "0-1"]
[WhiteElo "2548"]
[BlackElo "2462"]
[EventDate "2004.03.07"]

1. Nf3 Nf6 2. c4 c5 3. Nc3 Nc6 4. d4 cxd4 5. Nxd4 g6 6. e4 Bg7 7. Be3 O-O
8. Be2 b6 9. O-O Bb7 10. f3 e6 11. Nxc6 Bxc6 12. Rc1 Qe7 13. Re1 Rfd8 14.
Bf1 Qf8 15. Ne2 Bh6 16. Bxh6 Qxh6 17. Nd4 e5 18. Nc2 Qf8 19. Qd2 Ne8 20.
Nb4 Nc7 21. Qc3 Ne6 22. Red1 a5 23. Nd5 Bxd5 24. exd5 Qc5+ 25. Kh1 Nd4 26.
b3 d6 27. f4 f6 28. g3 Qb4 29. Qb2 a4 30. fxe5 fxe5 31. Rxd4 exd4 32. Bh3
Qc5 33. b4 Qc7 0-1

[Event "21st Open"]
[Site "Reykjavik ISL"]
[Date "2004.03.12"]
[Round "6"]
[White "Romanishin,O"]
[Black "Pokorna,Reg"]
[Result "1-0"]
[WhiteElo "2537"]
[BlackElo "2390"]
[EventDate "2004.03.07"]

1. d4 Nf6 2. Nf3 e6 3. g3 b5 4. Bg2 Bb7 5. O-O Be7 6. Qd3 a6 7. c4 bxc4 8.
Qxc4 Bd5 9. Qd3 Be4 10. Qe3 d5 11. Nc3 Nbd7 12. Nxe4 Nxe4 13. Nd2 Nd6 14.
b3 O-O 15. Bb2 Bf6 16. Rab1 c5 17. dxc5 Nf5 18. Qf3 Bxb2 19. Rxb2 Nxc5 20.
Rc1 Rc8 21. Qc3 Nd7 22. Qxc8 Qxc8 23. Rxc8 Rxc8 24. e4 Rc1+ 25. Bf1 Nd4 26.
Kg2 a5 27. exd5 exd5 28. f3 Kf8 29. Kf2 Ne5 30. b4 a4 31. b5 Rc2 32. Rxc2
Nxc2 33. b6 Nd7 34. b7 Nb8 35. Bb5 a3 36. Ba4 Nb4 37. Bb3 Ke7 38. Nb1 Kd6
39. Nxa3 Kc5 40. Nc2 N4c6 41. Ke2 f6 42. f4 Nd8 43. Ne3 Nxb7 44. Bxd5 Nd6
45. Kd3 Na6 46. a3 Nc7 47. Bg8 h5 48. Nc2 Nf5 49. Bh7 Ne7 50. Be4 g5 51.
Nd4 gxf4 52. gxf4 Nc8 53. Bf3 h4 54. Bg4 Ne7 55. Ne6+ Nxe6 56. Bxe6 Kb5 57.
Bb3 Nc8 58. Kd4 1-0

[Event "21st Open"]
[Site "Reykjavik ISL"]
[Date "2004.03.12"]
[Round "6"]
[White "Kristjansson,S"]
[Black "Votava,J"]
[Result "1/2-1/2"]
[WhiteElo "2404"]
[BlackElo "2505"]
[EventDate "2004.03.07"]

1. e4 c5 2. Nf3 e6 3. d4 cxd4 4. Nxd4 a6 5. Bd3 Qc7 6. Nc3 Nf6 7. O-O Be7
8. Kh1 d6 9. f4 Nbd7 10. Qe1 O-O 11. Bd2 Nc5 12. b4 Nxd3 13. cxd3 Qd7
1/2-1/2

[Event "21st Open"]
[Site "Reykjavik ISL"]
[Date "2004.03.12"]
[Round "6"]
[White "Olafsson,H1"]
[Black "Zatonskih,A"]
[Result "1/2-1/2"]
[WhiteElo "2504"]
[BlackElo "2436"]
[EventDate "2004.03.07"]

1. c4 e5 2. g3 g6 3. d4 d6 4. Nc3 c6 5. Bg2 Bg7 6. d5 Ne7 7. e4 O-O 8. Be3
c5 9. Qd2 a6 10. h4 h5 11. Nh3 Qe8 12. a4 b6 13. f3 Nd7 14. Nf2 f5 15. Nh3
Nf6 16. Ng5 Ra7 17. Rb1 fxe4 18. fxe4 Ng4 19. Bh3 Bh6 20. Bxg4 Bxg4 21. Rf1
Nc8 22. Rxf8+ Qxf8 23. Qf2 1/2-1/2

[Event "21st Open"]
[Site "Reykjavik ISL"]
[Date "2004.03.12"]
[Round "6"]
[White "Halldorsson,J"]
[Black "Bergsson,Sn"]
[Result "1/2-1/2"]
[WhiteElo "2200"]
[BlackElo "2270"]
[EventDate "2004.03.07"]

1. d4 Nf6 2. Nf3 e6 3. c4 d5 4. g3 dxc4 5. Qa4+ Nbd7 6. Bg2 a6 7. Qxc4 b5
8. Qc6 Ra7 9. Qc2 Bb7 10. O-O c5 11. dxc5 Bxc5 12. Nbd2 Qa8 13. a4 O-O 14.
axb5 axb5 15. Rxa7 Bxa7 16. Ne1 Rc8 17. Bxb7 Qxb7 18. Qb1 Qd5 19. Ng2 Ng4
20. Nf3 Bxf2+ 21. Rxf2 Qc5 22. Be3 Nxe3 23. Nxe3 Qxe3 24. Qd3 Rc1+ 25. Kg2
Qxd3 26. exd3 b4 27. Rf1 Rc2+ 28. Rf2 Rc6 29. Kf1 Rc1+ 30. Ke2 Nc5 31. Ke3
f6 32. Nd2 Rc2 33. Ne4 b3 34. Rxc2 bxc2 35. Kd2 Nxd3 36. Kxc2 Ne1+ 37. Kc3
Kf7 38. b4 Ke7 39. Kc4 Nf3 40. b5 f5 41. Nc5 Ne5+ 42. Kd4 Nd7 43. Nb7 g5
44. Na5 Kd6 45. Nc4+ Kc7 46. h3 h6 47. h4 g4 48. Ke3 Nb6 49. Ne5 Nd5+ 50.
Kd4 Kb6 51. h5 Kxb5 52. Ng6 f4 53. gxf4 g3 54. Nh4 Nxf4 55. Ke5 Nxh5 56.
Kxe6 Nf4+ 57. Kf5 g2 58. Nxg2 1/2-1/2

[Event "21st Open"]
[Site "Reykjavik ISL"]
[Date "2004.03.12"]
[Round "6"]
[White "Bromann,T"]
[Black "Halldorsson,H"]
[Result "1-0"]
[WhiteElo "2371"]
[BlackElo "2159"]
[EventDate "2004.03.07"]

1. d4 Nf6 2. Nf3 g6 3. Nc3 d5 4. Bf4 Bg7 5. e3 O-O 6. Be2 c6 7. Ne5 Nbd7 8.
h4 h5 9. f3 Qa5 10. Qd2 c5 11. O-O-O c4 12. Kb1 Re8 13. g4 Nf8 14. g5 Be6
15. e4 Rad8 16. gxf6 exf6 17. Nxd5 Qxd2 18. Nxf6+ Bxf6 19. Rxd2 b5 20. Nc6
Ra8 21. Bg5 Bg7 22. b3 a5 23. e5 Ra6 24. d5 Bd7 25. bxc4 bxc4 26. Bxc4 Rb6+
27. Kc1 Bxc6 28. dxc6 Bxe5 29. Rd5 Bb2+ 30. Kd2 Rc8 31. Bb5 Ne6 32. a4
Rbxc6 33. Bxc6 Rxc6 34. Be3 Bc3+ 35. Kd3 Bb4 36. c4 Nc7 37. Rd8+ Kg7 38.
Bd4+ f6 39. Rc8 Bd6 40. Rb1 Kf7 41. Rb6 1-0

[Event "21st Open"]
[Site "Reykjavik ISL"]
[Date "2004.03.12"]
[Round "6"]
[White "Lehikoinen,P"]
[Black "Thorfinnsson,Bj"]
[Result "1/2-1/2"]
[WhiteElo "2234"]
[BlackElo "2340"]
[EventDate "2004.03.07"]

1. d4 d5 2. c4 c6 3. cxd5 cxd5 4. Nf3 Nc6 5. Nc3 Nf6 6. Bf4 e6 7. e3 Qb6 8.
a3 a6 9. h3 Bd7 10. Bd3 Be7 11. O-O h6 12. Qe2 g5 13. Bg3 Rg8 14. b4 Rc8
15. Na4 Qa7 16. Nc5 h5 17. Rfc1 h4 18. Be5 Kd8 19. Nxb7+ Qxb7 20. Bxa6 Qa8
21. Bxc8 Bxc8 22. Qc2 Bd7 23. b5 Na5 24. Qc7+ Ke8 25. Bxf6 Bxf6 26. Ne5
Bxe5 27. dxe5 g4 28. b6 gxh3 29. Qa7 Qd8 30. b7 Nxb7 31. Qxb7 f5 32. exf6
Rxg2+ 33. Kh1 Rxf2 34. Rf1 Qxf6 35. Qb8+ Ke7 36. Qb4+ Kd8 37. Qb6+ Ke8 38.
Qb8+ Ke7 39. Qb4+ Kd8 40. Qb6+ 1/2-1/2

[Event "21st Open"]
[Site "Reykjavik ISL"]
[Date "2004.03.12"]
[Round "6"]
[White "Ptacnikova,L"]
[Black "Bjornsson,S"]
[Result "1-0"]
[WhiteElo "2214"]
[BlackElo "2337"]
[EventDate "2004.03.07"]

1. c4 Nf6 2. g3 g6 3. Bg2 Bg7 4. Nc3 O-O 5. d3 d6 6. Bg5 c6 7. Qd2 a5 8. e4
e5 9. Nge2 Nbd7 10. O-O Nc5 11. d4 exd4 12. Nxd4 Re8 13. f3 Qc7 14. Rad1
Nfd7 15. Rf2 Ne5 16. Bf1 a4 17. Be3 Qb6 18. Kg2 h5 19. h3 Qc7 20. Nc2 Bf8
21. Bxc5 dxc5 22. f4 Nd7 23. e5 f5 24. exf6 Nxf6 25. Bd3 Qd7 26. f5 gxf5
27. Rxf5 Bg7 28. Qg5 Rf8 29. Ne3 Qd4 30. Rf3 a3 31. Bb1 axb2 32. Rxd4 cxd4
33. Ncd5 cxd5 34. Nxd5 Ra6 35. Ne7+ Kf7 36. Nxc8 Rxc8 37. Qd5+ Kf8 38. Bg6
Ke7 39. Qxb7+ Kd8 40. Qxa6 Nd7 41. Rf7 1-0

[Event "21st Open"]
[Site "Reykjavik ISL"]
[Date "2004.03.12"]
[Round "6"]
[White "Vidarsson,J"]
[Black "Bjornsson,T"]
[Result "1-0"]
[WhiteElo "2333"]
[BlackElo "2256"]
[EventDate "2004.03.07"]

1. e4 c5 2. Nf3 e6 3. d3 b6 4. g3 Bb7 5. Bg2 g6 6. Bg5 f6 7. Bf4 e5 8. Bd2
Bg7 9. c4 Nc6 10. Nc3 Nge7 11. Nd5 Nd4 12. Nxd4 exd4 13. h4 Nxd5 14. cxd5
Qe7 15. O-O O-O 16. f4 f5 17. exf5 Qf7 18. fxg6 hxg6 19. Qf3 b5 20. b3 a5
21. Rac1 Rfc8 22. a4 Ra6 23. f5 Rf6 24. g4 gxf5 25. Bg5 Rd6 26. Qg3 Rxd5
27. gxf5 Kh7 28. f6 Bf8 29. Be4+ Kh8 30. Rce1 bxa4 31. bxa4 c4 32. Bxd5
Bxd5 33. Re7 Qg6 34. Rxd7 Be6 35. Rb7 cxd3 36. Rb8 Rxb8 37. Qxb8 Kg8 38.
Qf4 Bb4 39. Qxd4 d2 40. Qd8+ Kh7 41. Qc7+ Qf7 42. Qc2+ Qg6 43. Qc6 Bb3 44.
Qd7+ Kg8 45. Kh2 d1=Q 46. Rxd1 Bxd1 47. Qxd1 Qe4 48. Kh3 Qf5+ 49. Kg2 Qe4+
50. Qf3 Qc2+ 51. Kg3 Kf7 52. Qd5+ Kg6 53. Qg8+ Kh5 54. Qe8+ 1-0

[Event "21st Open"]
[Site "Reykjavik ISL"]
[Date "2004.03.12"]
[Round "6"]
[White "Ardaman,M"]
[Black "Arngrimsson,D"]
[Result "0-1"]
[WhiteElo "2307"]
[BlackElo "2239"]
[EventDate "2004.03.07"]

1. g3 d5 2. Bg2 Nf6 3. d3 c6 4. Nd2 e5 5. e4 Bd6 6. Ngf3 O-O 7. O-O Bg4 8.
h3 Bh5 9. c3 Re8 10. Qc2 Nbd7 11. Re1 dxe4 12. dxe4 Bf8 13. Nc4 Qc7 14. b4
b5 15. Na5 c5 16. Qb1 cxb4 17. cxb4 Bxf3 18. Bxf3 Qc3 19. Be3 Qxb4 20. Nc6
Qxb1 21. Rexb1 a6 22. a4 bxa4 23. Rxa4 Rec8 24. Na5 Bc5 25. Bg5 Bd4 26. Ra2
Nc5 27. Bxf6 gxf6 28. Bg4 Rcb8 29. Rc1 Rb5 30. Rc4 Nd3 31. Kg2 Nxf2 32. Bd7
Nd1 33. Bxb5 axb5 34. Rb4 Nc3 35. Ra1 Nxe4 36. Ra2 Nc3 0-1

[Event "21st Open"]
[Site "Reykjavik ISL"]
[Date "2004.03.12"]
[Round "6"]
[White "Kjartansson,G"]
[Black "Hardarson,R"]
[Result "0-1"]
[WhiteElo "2162"]
[BlackElo "2307"]
[EventDate "2004.03.07"]

1. e4 e5 2. Nf3 Nc6 3. Bb5 a6 4. Ba4 Nf6 5. O-O Nxe4 6. d4 b5 7. Bb3 d5 8.
dxe5 Be6 9. Nbd2 Nc5 10. c3 d4 11. Ng5 Qxg5 12. Qf3 O-O-O 13. Bxe6+ fxe6
14. Qxc6 Qxe5 15. b4 Qd5 16. Qxd5 exd5 17. bxc5 dxc3 18. Nb3 d4 19. Ba3 Be7
20. Bb4 Bf6 21. f4 d3 22. Rf3 Rhe8 23. Kf1 Re4 24. a3 c2 25. Re1 Rxb4 26.
axb4 d2 27. Nxd2 Rxd2 28. Rf2 Rxf2+ 29. Kxf2 Bb2 30. c6 Kb8 0-1

[Event "21st Open"]
[Site "Reykjavik ISL"]
[Date "2004.03.12"]
[Round "6"]
[White "Sigfusson,S"]
[Black "Steindorsson,S"]
[Result "1-0"]
[WhiteElo "2285"]
[BlackElo "2218"]
[EventDate "2004.03.07"]

1. e4 c5 2. Nf3 d6 3. d4 cxd4 4. Nxd4 Nf6 5. Nc3 Nc6 6. Bc4 Qb6 7. Nb3 e6
8. Be3 Qc7 9. O-O a6 10. a4 b6 11. f4 Be7 12. Be2 O-O 13. Bf3 Bb7 14. Qe2
Rac8 15. Qf2 Nd7 16. Rad1 Na5 17. Nxa5 bxa5 18. Qg3 Bf6 19. Rd3 Nc5 20. e5
dxe5 21. Bxb7 Qxb7 22. fxe5 Bh4 23. Qxh4 Nxd3 24. cxd3 Qxb2 25. Ne4 Qxe5
26. d4 Qd5 27. Nf6+ 1-0

[Event "21st Open"]
[Site "Reykjavik ISL"]
[Date "2004.03.12"]
[Round "6"]
[White "Fridjonsson,J"]
[Black "Galego,L"]
[Result "0-1"]
[WhiteElo "2176"]
[BlackElo "2479"]
[EventDate "2004.03.07"]

1. c4 e5 2. g3 Nf6 3. Bg2 Nc6 4. Nc3 Bb4 5. Nd5 O-O 6. a3 Bc5 7. b4 Bd6 8.
Bb2 Re8 9. Nf3 a5 10. b5 Nxd5 11. cxd5 Na7 12. Qb3 c6 13. a4 cxb5 14. O-O
b4 15. e4 Bc7 16. d4 d6 17. Rfd1 Bg4 18. dxe5 Bxf3 19. Bxf3 dxe5 20. Be2
Bd6 21. Rac1 b6 22. Ba6 Rb8 23. Rc2 Qe7 24. Bc1 Bc5 25. Be3 Qd6 26. Rdc1
Bxe3 27. Qxe3 Re7 28. Kg2 h6 29. Qd3 Rd8 30. Kg1 g6 31. Kg2 Kg7 32. g4 Qd7
33. h3 Qxa4 34. d6 Re6 35. Qd5 Rdxd6 36. Qb7 b5 37. Rc7 Rf6 38. Qxa7 Rxa6
39. Qc5 Qa3 0-1

[Event "21st Open"]
[Site "Reykjavik ISL"]
[Date "2004.03.12"]
[Round "6"]
[White "Kjartansson,D"]
[Black "Maack,K"]
[Result "1-0"]
[WhiteElo "2267"]
[BlackElo "2176"]
[EventDate "2004.03.07"]

1. d4 e6 2. Nf3 f5 3. g3 Nf6 4. c4 d6 5. Bg2 Be7 6. Nc3 O-O 7. O-O a5 8.
Qc2 Nc6 9. b3 Qe8 10. Bb2 Qh5 11. a3 Bd7 12. d5 Nd8 13. dxe6 Nxe6 14. Nd5
Bd8 15. Rad1 Ne4 16. Ne1 N4g5 17. Nd3 c6 18. N5f4 Qh6 19. Nxe6 Nxe6 20. e3
Bc7 21. Rd2 Rad8 22. Rfd1 Be8 23. b4 Bh5 24. Ra1 Ng5 25. Ne1 Qe6 26. Rd4
Rfe8 27. Rh4 Bg6 28. Nd3 Bf7 29. Qc3 Qf6 30. Qxf6 gxf6 31. Bxf6 Ne6 32.
Bxd8 Bxd8 33. Rh3 Ng5 34. Rh6 Bxc4 35. Rxd6 Be7 36. Rd7 Bxd3 37. Rxd3 axb4
38. axb4 Bxb4 39. Rb3 c5 40. Bxb7 Re7 41. Bd5+ Kg7 42. h4 Ne4 43. Bxe4 fxe4
44. Rc1 Rf7 45. Rc4 Be1 46. Rb2 1-0

[Event "21st Open"]
[Site "Reykjavik ISL"]
[Date "2004.03.12"]
[Round "6"]
[White "Bergsson,St"]
[Black "Thorarinsson,P"]
[Result "1/2-1/2"]
[WhiteElo "2036"]
[BlackElo "2278"]
[EventDate "2004.03.07"]

1. e4 d6 2. d4 g6 3. Nc3 Bg7 4. Be3 a6 5. Qd2 Nd7 6. Nf3 b5 7. Bd3 c5 8.
O-O cxd4 9. Bxd4 Ngf6 10. a4 b4 11. Nd5 a5 12. c3 bxc3 13. Bxc3 O-O 14.
Nxf6+ Nxf6 15. Rfe1 Bb7 16. Rad1 Nd7 17. Bxg7 Kxg7 18. Bc4 Qb6 19. Bd5 Nc5
20. Bxb7 Qxb7 21. e5 Qb4 22. Qg5 Rae8 23. Rd4 Ne6 24. Rxb4 Nxg5 25. Rb5
Nxf3+ 26. gxf3 Rb8 27. Rxa5 Rxb2 28. Ra7 Ra2 1/2-1/2

[Event "21st Open"]
[Site "Reykjavik ISL"]
[Date "2004.03.12"]
[Round "6"]
[White "Hagesaether,E"]
[Black "Gretarsdottir,L"]
[Result "1-0"]
[WhiteElo "2194"]
[BlackElo "2071"]
[EventDate "2004.03.07"]

1. Nf3 f5 2. d3 Nf6 3. e4 fxe4 4. Ng5 d5 5. dxe4 h6 6. Nf3 dxe4 7. Qxd8+
Kxd8 8. Ne5 Be6 9. Nc3 Nbd7 10. Ng6 Rg8 11. Be3 Bf7 12. Nxf8 Rxf8 13. O-O-O
Kc8 14. g3 Ne5 15. Bg2 Bh5 16. Bh3+ Kb8 17. Rd4 Neg4 18. Bxg4 Bxg4 19. Bf4
b6 20. Rc4 Ne8 21. Nxe4 Be6 22. Rd4 Nd6 23. Nxd6 exd6 24. Re1 Rf6 25. Rde4
Bf5 26. Re7 g5 27. Bd2 Kb7 28. Bc3 Rg6 29. Rf7 Bh3 30. Ree7 Rc8 31. f4 gxf4
32. gxf4 Be6 33. Rg7 Bf5 34. Ref7 Rg8 35. Rxg8 Rxg8 36. Rxf5 1-0